000 00642nam a2200205Ia 4500
003 GCL
008 140319s9999 xx 000 0 ara d
040 _aGCL /
_cGCL
082 0 4 _a001.6424
_bغ ا
100 1 _aغازى اسحق الخطيب
245 1 0 _aاساليب البرمجة الحديثة بلغة البيسك /
_cغازى اسحق الخطيب
700 1 _aعزمى حسن العيسى
260 _a[S.N] :
_bمعهد الادارة العامة ،
_c1988
300 _a574
490 _a
650 0 4 _aالحاسبات الالكترونية
650 0 4 _aالبرمجة
650 0 4 _aالبيسك
942 _2ddc
_cBK
999 _c30306
_d30306